| 000 | 00896nam a2200313 a 4500 | ||
|---|---|---|---|
| 999 |
_c3079 _d3079 |
||
| 001 | 015892291 | ||
| 003 | UkOxU | ||
| 005 | 20231002115150.0 | ||
| 008 | 050210s2005 enka d 001 0 eng c | ||
| 015 |
_aGBA539907 _2bnb |
||
| 020 | _a9780521549028 (pbk.) | ||
| 020 | _a0521549027 (pbk.) | ||
| 035 | _a(Uk)013194975 | ||
| 040 |
_aStDuBDS _dUkOxU _cKH8 |
||
| 042 | _aukscp | ||
| 082 | 0 | 4 |
_a531.015 QUA _222 |
| 100 | 1 |
_aQuadling, Douglas, _eauthor. |
|
| 245 | 1 | 0 |
_aMechanics 3 & 4 / _cDouglas Quadling. |
| 250 | _a2nd ed. | ||
| 260 |
_aCambridge : _bCambridge University Press, _c2005. |
||
| 300 |
_a372 p. : _bill. ; _c25 cm. |
||
| 500 | _aPrevious ed.: 2001. | ||
| 500 | _aIncludes index. | ||
| 650 | 0 | _aMechanics. | |
| 650 | 0 |
_aMechanics _xMathematics. |
|
| 650 | 0 |
_aMechanics _xMathematics _vProblems, exercises, etc. |
|
| 830 | 0 | _aCambridge advanced mathematics | |
| 942 |
_2ddc _cTR |
||